DNA engineered noble metal nanoparticles : fundamentals and state-of-the-art-of nanobiotechnology /

Bibliographic Details
Main Author: Capek, Ignác (Author)
Format: Book
Language:English
Published: Hoboken, New Jersey : Salem, Massachusetts : John Wiley and Sons, Inc. ; Scrivener Publishing LLC, [2015]
Subjects:

MARC

Tag First Indicator Second Indicator Subfields
LEADER 00000cam a2200000 i 4500
001 in00003534839
005 20151105204934.0
008 150225t20152015njua b 001 0 eng
010 |a  2015007814 
020 |a 9781118072141 (hardcover) 
020 |a 1118072146 (hardcover) 
035 |a (OCoLC)ocn904227357 
040 |a DNLM/DLC  |e rda  |c DLC  |d UtOrBLW 
049 |a TXAM 
050 0 0 |a TP248.25.N35  |b C37 2015 
060 1 0 |a QT 36.5 
082 0 0 |a 660.6  |2 23 
100 1 |a Capek, Ignác,  |e author. 
245 1 0 |a DNA engineered noble metal nanoparticles :  |b fundamentals and state-of-the-art-of nanobiotechnology /  |c Ignác Capek. 
264 1 |a Hoboken, New Jersey :  |b John Wiley and Sons, Inc. ;  |a Salem, Massachusetts :  |b Scrivener Publishing LLC,  |c [2015] 
264 4 |c ©2015 
300 |a xiv, 656 pages :  |b illustrations ;  |c 25 cm. 
336 |a text  |b txt  |2 rdacontent 
337 |a unmediated  |b n  |2 rdamedia 
338 |a volume  |b nc  |2 rdacarrier 
504 |a Includes bibliographical references and index. 
505 0 |a Nucleic acids -- Noble metal nanoparticles -- DNA-based conjugates -- DNA-noble metal nanoparticle conjugates -- DNA-gold nanoparticle conjugates -- PNA-noble metal nanoparticles conjugates -- DNA-silver nanoparticles conjugates -- The structure of DNA-noble metal nanoparticles conjugates -- Photochemical and photophysical events -- Nanoparticle therapeutics. 
650 0 |a Nanoparticles. 
650 0 |a Precious metals  |x Biotechnology. 
650 0 |a DNA  |x Biotechnology. 
650 0 |a Bioconjugates. 
650 1 2 |a Metal Nanoparticles. 
650 2 2 |a DNA  |x chemistry. 
650 2 2 |a Gold  |x chemistry. 
650 2 2 |a Nanoconjugates. 
650 2 2 |a Silver  |x chemistry. 
945 |a PromptCat  |b 203320 
946 |a stk 
947 |a A14842985112 
948 |a cataloged  |b h  |c 2015/5/29  |d c  |e dmitchel  |f 12:50:40 pm 
994 |a 92  |b TXA 
999 |a MARS 
999 f f |s 90692fde-10aa-3300-b819-7271aaf108e5  |i ceae4465-5730-399c-b7f7-d345ff917b39  |t 0 
952 f f |p normal  |a Texas A&M University  |b College Station  |c Sterling C. Evans Library  |d Evans: Library Stacks  |t 0  |e TP248.25.N35 C37 2015  |h Library of Congress classification  |i unmediated -- volume  |m A14842985112 
998 f f |a TP248.25.N35 C37 2015  |t 0  |l Evans: Library Stacks